Determinantes sociales de la mortalidad infantil en Costa Rica /
Guardat en:
| Autor principal: | |
|---|---|
| Altres autors: | , |
| Format: | Desconegut |
| Publicat: |
s.l:
s.e.
|
| Matèries: | |
| Etiquetes: |
Afegir etiqueta
Sense etiquetes, Sigues el primer a etiquetar aquest registre!
|
MARC
| LEADER | 00000 a2200000 04500 | ||
|---|---|---|---|
| 001 | 25909 | ||
| 003 | |||
| 008 | 991231s d | ||
| 040 | |||
| 090 | |a 174301 | ||
| 100 | |a Behm Rosas, Hugo | ||
| 245 | |a Determinantes sociales de la mortalidad infantil en Costa Rica / |c Hugo Behm Rosas | ||
| 260 | |a s.l: |b s.e. | ||
| 300 | |a p. irreg | ||
| 650 | |a ANALISIS DEMOGRAFICO | ||
| 650 | |a METODOLOGIA | ||
| 650 | |a ESTADISTICAS DEMOGRAFICAS | ||
| 650 | |a TABLAS DE MORTALIDAD | ||
| 700 | |a Granados Bloise, Damaris | ||
| 700 | |a Robles S, M. A. Arodys | ||
| 999 | |c 10822 |d 10822 | ||
